000 00862nam a22002297a 4500
005 20250910105219.0
008 250910b |||||||| |||| 00| 0 eng d
037 _cBB
040 _aAL
_cAL
041 _2PER
_aPER
084 _aa12-3164,1491 164M8.2
_bAL
100 _aAfzali, Mohammad Afzal
_9820871
245 _aFehrist nuskha khatti aarsheef milli Afghanistan
260 _aKabul, Afghanistan:
_bDanishgah,
_c1988.
300 _a194p. (Vol.2, Pt,1)
_a195-330p. (Vol.2, Pt,2)
365 _b800.00
_cINR
440 _vVol. 2 Pt,1-2
650 _aPersian Language
_9820872
650 _aBibliography
_9820873
942 _2CC
_cREF
_ha12-3164,1491 164M8.2
_n0
999 _c1435283
_d1435283